ETA v dejinách a umení

Dopad činnosti organizácie ETA na baskickú spoločnosť v umení - kinematografii, literatúre, divadle. Pohľad na problematiku v diele spisovateľa Fernanda Aramburu. Poukázanie na vyrovnávanie sa spoločnosti s touto tématikou až do súčasnosti.

Saved in:
Bibliographic Details
Main Author: Tužinská, Sofia, 1973-
Format: Book Chapter
Language:Slovak
Subjects:
Tags: Add Tag
No Tags, Be the first to tag this record!

MARC

LEADER 00000naa$a2200000$$$4500
001 0254377
005 20240502074050.9
041 0 |a slo 
044 |a SK 
245 1 0 |a ETA v dejinách a umení  |c Sofia Tužinská 
520 |a Dopad činnosti organizácie ETA na baskickú spoločnosť v umení - kinematografii, literatúre, divadle. Pohľad na problematiku v diele spisovateľa Fernanda Aramburu. Poukázanie na vyrovnávanie sa spoločnosti s touto tématikou až do súčasnosti. 
610 2 0 |a Španielsko 
610 2 0 |a terorizmus 
610 2 0 |a literatúra 
610 2 0 |a umenie 
610 2 0 |a história 
100 1 |a Tužinská, Sofia, 1973-